000 00462nam a2200181Ia 4500
005 20250326125826.0
008 250326s9999 xx 000 0 und d
037 _aTextbook
040 _aFMSL
_beng
_cFMSL
041 _aeng
_2eng
084 _aS N7
_qFMSL
100 _aMckinney F
_9739765
245 0 _aPsychology in action
_cMckinney F
260 _aNY
_bNY, Macmillan
_c1967
300 _a567p
942 _cTB
_hS N7
999 _c1279747
_d1279747